LEADER 01087cam0-22003371i-450- 001 990004620680403321 005 20070116163059.0 010 $a2-204-05110-1 035 $a000462068 035 $aFED01000462068 035 $a(Aleph)000462068FED01 035 $a000462068 100 $a19990604d1995----km-y0itay50------ba 101 2 $afre$alat 102 $aFR 105 $ay-------001yy 200 1 $aDémonstration de la predication apostolique$fIrenee de Lyon$gintroduction, traduction et notes par Adelin Rousseau 210 $aParis$cLes editions du Cerf$d1995 215 $a409 p.$d20 cm 225 1 $aSources chrétiennes$v406 500 10$aDemonstratio apostolicae praedicationis$m$952150 676 $a251 700 1$aIrenaeus :$cLugdunensis$c$0396755 702 1$aRousseau,$bAdelin 801 0$aIT$bUNINA$gRICA$2UNIMARC 901 $aBK 912 $a990004620680403321 952 $aP2B-590-S.C.-IREN.L.-402A-1995$bBibl.17307$fFLFBC 959 $aFLFBC 996 $aDemonstratio apostolicae praedicationis$952150 997 $aUNINA LEADER 01588nam--2200445---450- 001 990003049630203316 005 20080117085729.0 010 $a92-894-7291-X 035 $a000304963 035 $aUSA01000304963 035 $a(ALEPH)000304963USA01 035 $a000304963 100 $a20080117d2004----km-y0itay0103----ba 101 $aita 102 $aLU 105 $a||||||||001yy 200 1 $aCostruire il nostro avvenire comune$esfide e mezzi finanziari dell?unione allargata 2007-2013$ecomunicazione della Commissione al consiglio ed al Parlamento europeo COM (2004) 101$fCommissione europea 210 $aLussemburgo$cUfficio delle pubblicazioni ufficiali delle Comunitŕ europee$d2004 215 $a47 p.$d25 cm 601 02$aUnione europea$xAllargamento 601 02$aUnione europea$xPolitica economica 676 $a327.17094 676 $a330.94 699 $a01.07$bBilancio delle CE 710 02$aCommissione europea$0333284 801 0$aIT$bsalbc$gISBD 912 $a990003049630203316 951 $aCDE 01.07 (VI)$bCDE 1067$cCDE 01.07$d00149774 959 $aBK 969 $aCDE 979 $aMARIAS$b90$c20080117$lUSA01$h0857 979 $aMARIAS$b90$c20080221$lUSA01$h1130 979 $aMARIAS$b90$c20080221$lUSA01$h1151 979 $aMARIAS$b90$c20080221$lUSA01$h1322 979 $aMARIAS$b90$c20080703$lUSA01$h1024 979 $aMARIAS$b90$c20080703$lUSA01$h1027 979 $aMARIAS$b90$c20080703$lUSA01$h1031 979 $aBATCH-UPD$b90$c20111212$lUSA01$h1717 996 $aCostruire il nostro avvenire comune$91021608 997 $aUNISA